• 首页
  • 本馆介绍
  • 公告通知
  • 最新文献
  • 馆藏检索
  • 电子资源
  • 读者导购
  • 参考咨询
  • 我的图书馆
  • 登录
  • 详细信息显示
  • 放入我的书架
  • 预约/预借图书
  • 作者相关作品
  • 分类相关作品
  • 丛书相关作品
  • 出版社相关作品

书目信息

  • 表格格式
  • 工作单格式
  • 卡片格式
题名:
荆棘丛
    
 
作者: 卢埃林, 著 ;明辉 译
分册:  
出版信息: 北京   北京大学出版社  2017.10
页数: 13, 250页
开本: 21cm
丛书名: 西方法律哲学经典译丛
单 册:
中图分类: D90-53
科图分类:
主题词: 法学--fa xue--文集
电子资源:
ISBN: 978-7-301-28822-1
000 01628nam 2200325 450
001 CAL 0120172357278
005 20181203153528.14
010    @a978-7-301-28822-1@b@dCNY39.00
100    @a20171222d2017 em y0chiy50 ea
101 1  @achi@ceng
102    @aCN@b110000
105    @aac a 000yy
106    @ar
200 1  @a荆棘丛@Ajing ji cong@e关于法律与法学院的经典演讲@d= The bramble bush@ethe classic lectures on the law and law school@f(美) 卢埃林著@g明辉译@zeng
210    @a北京@c北京大学出版社@d2017.10
215    @a13, 250页@c图, 肖像@d21cm
225 2  @a西方法律哲学经典译丛@Axi fang fa lu^ zhe xue jing dian yi cong
314    @a卢埃林, (1893-1962), 美国法学家, 法律现实主义运动的主要代表人物之一。
320    @a有书目
330    @a本书中卢埃林向学生介绍了何为法律, 如何阅读案件, 如何作课前准备, 在真实世界中法律如何促成正义。尽管法律每年都在变更, 但人们之间的纠纷与卢埃林写下《荆棘丛》的年代变化并不大, 无论是私人纠纷还是法律冲突都依循卢埃林描述的模式展开着。在超过七十年的时间里, 一直有一本书是法学院的学生们必读的, 它告诉学生在未来职业中他们会遇到什么。这本书就是《荆棘丛》。几十年过去了, 《荆棘丛》仍然是最受欢迎的介绍法律和法学的著作之一。
410  0 @12001 @a西方法律哲学经典译丛
500 10 @aBramble bush : the classic lectures on the law and law school@mChinese
517 1  @a关于法律与法学院的经典演讲@Aguan yu fa lu^ yu fa xue yuan de jing dian yan jiang
606 0  @a法学@Afa xue@j文集
690    @aD90-53@v5
701  0 @a卢埃林,@Alu ai lin@f1893-1962@4著
702  0 @a明辉@Aming hui@4译
801  0 @aCN@b人天书店@c20171222@g
905    @aBZT@dD90-53@e1
906    @dCNY39.00@n3@r1
    
    荆棘丛:关于法律与法学院的经典演讲= The bramble bush:the classic lectures on the law and law school/(美) 卢埃林著/明辉译.-北京:北京大学出版社,2017.10
    13, 250页:图, 肖像;21cm.-(西方法律哲学经典译丛)
    
    
    ISBN 978-7-301-28822-1:CNY39.00
    本书中卢埃林向学生介绍了何为法律, 如何阅读案件, 如何作课前准备, 在真实世界中法律如何促成正义。尽管法律每年都在变更, 但人们之间的纠纷与卢埃林写下《荆棘丛》的年代变化并不大, 无论是私人纠纷还是法律冲突都依循卢埃林描述的模式展开着。在超过七十年的时间里, 一直有一本书是法学院的学生们必读的, 它告诉学生在未来职业中他们会遇到什么。这本书就是《荆棘丛》。几十年过去了, 《荆棘丛》仍然是最受欢迎的介绍法律和法学的著作之一。
●
相关链接 在五车中查询图书 在当当中查询图书 在豆瓣中查询图书


正题名:荆棘丛     索取号:D90-53/1         预约/预借

序号 登录号 条形码 馆藏地/架位号 状态 备注
1 853256   2000853256   第二书库/ [索取号:D90-53/1] 在馆    
2 853257   2000853257   第二书库/ [索取号:D90-53/1] 在馆    
3 853258   2000853258   第二书库/ [索取号:D90-53/1] 在馆    
山东省滨州职业学院图书馆 欢迎您!
大连网信软件有限公司© 版权所有